All U.S. Interstates - Statistics

General Stats
  • This quiz has been taken 110 times
  • The average score is 105 of 246
Answer Stats
Number % Correct
A1
100%
A2
100%
A3
100%
H1
100%
H2
100%
H3
100%
PR1
100%
PR2
100%
PR3
100%
2
99%
5
99%
A4
99%
10
97%
11
97%
17
97%
4
97%
8
97%
14
96%
15
96%
16
96%
12
94%
20
94%
22
94%
27
94%
19
93%
24
93%
25
93%
26
93%
29
92%
30
92%
35
90%
37
89%
40
89%
95
89%
41
87%
43
87%
55
87%
70
87%
90
87%
39
86%
45
86%
69
86%
75
86%
80
86%
88
86%
97
86%
99
86%
42
85%
44
85%
64
85%
65
85%
49
83%
68
83%
74
83%
78
83%
84
83%
86
83%
94
83%
96
83%
59
82%
71
82%
76
82%
79
82%
85
82%
89
82%
91
82%
93
82%
57
80%
66
80%
72
80%
77
80%
82
80%
73
79%
83
79%
87
79%
81
76%
110
66%
105
65%
195
54%
210
54%
115
51%
205
49%
35E
48%
35W
48%
69E
46%
69W
46%
310
45%
135
44%
155
44%
190
44%
295
44%
495
44%
510
44%
140
42%
395
42%
410
42%
610
42%
710
42%
180
41%
69C
41%
170
39%
220
39%
405
39%
595
39%
795
39%
895
39%
215
38%
175
37%
185
37%
695
37%
705
37%
290
35%
305
35%
605
35%
805
35%
910
35%
990
35%
194
34%
235
34%
270
34%
490
34%
690
34%
390
32%
165
31%
196
31%
240
31%
505
31%
124
30%
126
30%
280
30%
590
30%
790
30%
890
30%
129
28%
225
28%
315
28%
255
27%
335
27%
169
25%
480
25%
580
25%
980
25%
275
24%
285
24%
294
24%
355
24%
380
24%
520
24%
880
24%
229
23%
435
23%
535
23%
680
23%
780
23%
540
21%
555
21%
172
20%
176
20%
184
20%
440
20%
820
20%
H201
20%
189
18%
465
18%
470
18%
635
18%
640
18%
694
18%
238
17%
265
17%
585
17%
696
17%
985
17%
182
15%
244
15%
370
15%
385
15%
394
15%
485
15%
494
15%
530
15%
670
15%
375
14%
516
14%
526
14%
565
14%
678
14%
785
14%
885
14%
894
14%
430
13%
464
13%
475
13%
575
13%
675
13%
794
11%
840
11%
264
10%
296
10%
376
10%
444
10%
476
10%
581
10%
630
10%
865
10%
276
8%
287
8%
344
8%
345
8%
676
8%
269
7%
474
7%
481
7%
496
7%
564
7%
691
7%
271
6%
359
6%
369
6%
579
6%
587
6%
781
6%
278
4%
283
4%
293
4%
381
4%
384
4%
459
4%
469
4%
664
4%
759
4%
270 Spur
3%
279
3%
471
3%
478
3%
684
3%
895A
3%
895B
3%
277
1%
291
1%
391
1%
393
1%
480N
1%
787
1%
878
1%
495X
0%
No matching quizzes found
Score Distribution
Percent of People with Each Score
Percentile by Number Answered
Your Score History
You have not taken this quiz